书目信息 |
| 题名: |
Java程序员面试笔试真题与解析
|
|
| 作者: | 猿媛之家 编著 | |
| 分册: | ||
| 出版信息: | 北京 机械工业出版社 2016 |
|
| 页数: | 345页 | |
| 开本: | 26cm | |
| 丛书名: | ||
| 单 册: | ||
| 中图分类: | TP312.8 | |
| 科图分类: | ||
| 主题词: | JAVA语言--JAVA Yu Yan--程序设计--习题集 | |
| 电子资源: | ||
| ISBN: | 978-7-111-55398-4 | |
| 000 | 01330nam0 2200241 450 | |
| 001 | 2016276437 | |
| 005 | 20170619155213.71 | |
| 010 | @a978-7-111-55398-4@b@dCNY59.00 | |
| 100 | @a20161206d2016 em y0chiy0110 ea | |
| 101 | 0 | @achi |
| 102 | @aCN@b110000 | |
| 105 | @ay z 000yy | |
| 106 | @ar | |
| 200 | 1 | @aJava程序员面试笔试真题与解析@AJava Cheng Xu Yuan Mian Shi Bi Shi Zhen Ti Yu Jie Xi@f猿媛之家编著@g |
| 210 | @a北京@c机械工业出版社@d2016 | |
| 215 | @a345页@c@d26cm | |
| 330 | @a本书针对当前各大IT企业面试笔试中特性与侧重点,精心挑选了近3年以来近百家顶级IT企业的面试笔试真题,这些企业涉及业务包括系统软件、搜索引擎、电子商务、手机APP、安全关键软件等,面试笔试真题非常具有代表性与参考性。同时,本书对这些题目进行了合理的划分与归类,并且对其进行了庖丁解牛式的分析与讲解,针对试题中涉及到的部分重难点问题,本书都进行了适当地扩展与延伸,力求对知识点的讲解清晰而不紊乱,全面而不啰嗦,使得读者能够通过本书不仅获取到求职的知识,同时更有针对性地进行求职准备,最终能够收获一份满意的工作。本书是一本计算机相关专业毕业生面试、笔试的求职用书,同时也适合期望在计算机软、硬件行业大显身手的计算机爱好者阅读。 | |
| 606 | 0 | @aJAVA语言@AJAVA Yu Yan@x程序设计@j习题集 |
| 690 | @aTP312.8@v5 | |
| 701 | 0 | @a猿媛之家@AYuan Yuan Zhi Jia@4编著 |
| 801 | 0 | @aCN@bZHONGJIAO@c20170609@g |
| 905 | @aBZT@dTP312.8@e1 | |
| 906 | @dCNY59.00@n3@r1 | |
| Java程序员面试笔试真题与解析/猿媛之家编著.-北京:机械工业出版社,2016 |
| 345页;26cm |
| ISBN 978-7-111-55398-4:CNY59.00 |
| 本书针对当前各大IT企业面试笔试中特性与侧重点,精心挑选了近3年以来近百家顶级IT企业的面试笔试真题,这些企业涉及业务包括系统软件、搜索引擎、电子商务、手机APP、安全关键软件等,面试笔试真题非常具有代表性与参考性。同时,本书对这些题目进行了合理的划分与归类,并且对其进行了庖丁解牛式的分析与讲解,针对试题中涉及到的部分重难点问题,本书都进行了适当地扩展与延伸,力求对知识点的讲解清晰而不紊乱,全面而不啰嗦,使得读者能够通过本书不仅获取到求职的知识,同时更有针对性地进行求职准备,最终能够收获一份满意的工作。本书是一本计算机相关专业毕业生面试、笔试的求职用书,同时也适合期望在计算机软、硬件行业大显身手的计算机爱好者阅读。 |
| ● |
| 相关链接 |
|
|
|
正题名:Java程序员面试笔试真题与解析
索取号:TP312.8/1
 
预约/预借
| 序号 | 登录号 | 条形码 | 馆藏地/架位号 | 状态 | 备注 |
| 1 | 830653 | 2000830653 | 第二书库/ [索取号:TP312.8/1] | 在馆 | |
| 2 | 830654 | 2000830654 | 第二书库/ [索取号:TP312.8/1] | 在馆 | |
| 3 | 830655 | 2000830655 | 第二书库/ [索取号:TP312.8/1] | 在馆 |